000 00361nam a2200121Ia 4500
008 220204s9999 xx 000 0 und d
082 _a007
_bMET
100 _aMetzler, Ken
245 0 _aCreative interviewing: The writer's guide to gathering information by asking questions
260 _aNew Jersey
_bPrentice Hall
_c1977
650 _aInterviewing
942 _cBK
999 _c27768
_d27768